000 00500ntaaa2200181 4500
003 01
005 20251027201058.0
008 0714s1973 ag 01
040 _aAR-BaBN
_bspa
_cAR-BaBN
_eaacr
_dRIC
082 _a200.9 W67
100 _aWilliams, Daniel Day
_92613
245 _aGod's grace and man's hope /
_cDaniel Day Williams
250 _a1 ed.
300 _a215 p.
500 _aUna interpretación de la vida cristiana en la historia
650 _aFilosofía de la Historia
_95706
942 _cBK
999 _c4972
_d4972